1 seule sélection en équipe de France - Mort subite - Statistiques

Statistiques générales
  • Ce quiz a été pris 58 fois
  • Le résultat moyen est 7 sur 20
Answers on the Grid
Answers color-coded by a green-red scale on the quiz's grid according to % correct below.
Benoît Cheyrou
Julien Faubert
Steve Savidan
Aymeric Laporte
Florent Sinama-Pongolle
Romain Alessandrini
Jonathan Zébina
Frédéric Née
Morgan Sanson
Anthony Modeste
Nicolas Gillet
Benoit Costil
Tiémoué Bakayoko
Alassane Pléa
Sébastien Corchia
Michaël Ciani
Morgan Amalfitano
Benjamin Lecomte
Frédéric Piquionne
Jérôme Leroy
Moussa Dembélé
Marc Planus
Jordan Amavi
Cédric Carrasso
Richard Dutruel
Pierre-Alain Frau
Pascal Chimbonda
Franck Jurietti
Loïc Perrin
Marama Vahirua
Zoumana Camara
Aly Cissokho
 
Statistiques - réponses
Réponse % Correct
Franck Jurietti
54%
Michaël Ciani
50%
Julien Faubert
46%
Marc Planus
46%
Steve Savidan
46%
Sébastien Corchia
39%
Alassane Pléa
36%
Morgan Amalfitano
36%
Tiémoué Bakayoko
36%
Benoit Costil
32%
Florent Sinama-Pongolle
32%
Pascal Chimbonda
32%
Cédric Carrasso
29%
Frédéric Née
25%
Jonathan Zébina
25%
Aly Cissokho
21%
Frédéric Piquionne
21%
Richard Dutruel
21%
Zoumana Camara
21%
Nicolas Gillet
18%
Aucun quiz correspondant
Distribution des résultats
% des personnes avec chaque résultat
Percentile par nombre de réponses
Votre historique - résultats
Vous n’avez pas pris ce quiz